000 00462nam a22001457a 4500
999 _c12764
_d12764
008 190201b ||||| |||| 00| 0 eng d
020 _a9712703975
082 _22003
_aDFil 899.211
_bSi3
245 _aBalatkayo/
_cSoledad S. Reyes[Editor]
260 _aPasig City:
_bAnvil Publishing Inc.,
_c©2003
300 _axxxiv, page 33-40;
_c23 cm.
650 _aPhilippine literature (Filipino)
_936228
700 _aReyes, Soledad S.
_eEditor
_936229
942 _2ddc
_cDFIL